| 000 | 00691nam a22002297a 4500 | ||
|---|---|---|---|
| 005 | 20170124110026.0 | ||
| 010 | _aA-609796 | ||
| 020 |
_c00.00 _a1852531916 |
||
| 035 | _aA-609796 | ||
| 037 | _bCen Lib/Ret | ||
| 040 |
_aDPL _bEN |
||
| 082 |
_a598.41 _bMAC |
||
| 100 |
_aMacSwiney, Marquis _920670 |
||
| 245 |
_aSix came flying / _cby Marquis MacSwiney |
||
| 260 |
_bAshford Press Publishing _aHampshire _c1989 |
||
| 270 |
_a1 Church Road, Shedfield _bHampshire _eSO3 2HW |
||
| 300 |
_ax,218p. : _c18(Hb) _bill. |
||
| 500 | _aIncludes bibliographical references | ||
| 650 |
_aSwans -- Anecdotes. _920671 |
||
| 650 |
_aSwans. _920672 |
||
| 942 |
_2ddc _cEN _h598.41 _mMAC |
||
| 999 |
_c127501 _d127501 |
||